00294nam a2200121Ia 450000500170000000800410001704100080005810000420006624500260010825000080013426000220014230000080016420251013221637.0251010s9999 xx 000 0 und d amar aदेशपांडे पु.ल. aखिल्‍ली a1ST bShree vidyac1988 a238